| 000 | 01014cam a22002777a 4500 | ||
|---|---|---|---|
| 999 |
_c7761 _d7761 |
||
| 003 | OSt | ||
| 005 | 20200520133132.0 | ||
| 008 | 990511s1998 enkab b 001 0 eng d | ||
| 020 | _a9780727726964 | ||
| 082 | 0 | 0 |
_a629.1360 _221 |
| 245 | 0 | 0 |
_aSite preparation for the new Hong Kong International Airport / _cedited by G.W. Plant, C.S. Covil, and R.A. Hughes. |
| 260 |
_aLondon : _bT. Telford, _c1998. |
||
| 300 |
_axvi, 576 p. : _bill. (some col.), maps ; _c24 cm. |
||
| 500 | _a"Airport Authority Hong Kong." | ||
| 504 | _aIncludes bibliographical references and index. | ||
| 610 | 2 | 0 | _aHong Kong International Airport. |
| 650 | 0 |
_aAirports _zChina _zHong Kong _xDesign and construction. |
|
| 650 | 0 |
_aSoil mechanics _zChina _zHong Kong. |
|
| 650 | 0 |
_aExcavation _zChina _zHong Kong. |
|
| 650 | 0 |
_aBuilding sites _zChina _zHong Kong. |
|
| 700 | 1 |
_aPlant, G. W. _q(Graham W.) |
|
| 700 | 1 |
_aCovil, C. S. _q(Craig S.) |
|
| 700 | 1 |
_aHughes, R. A. _q(Robin A.) |
|
| 710 | 2 | _aAirport Authority Hong Kong. | |
| 942 | _2ddc | ||